Jornada de trabajo y tiempo extraordinario Anl̀isis integral en materias fiscal, laboral y de seguridad social /

Detalles Bibliográficos
Autor principal: Přez Chavez, Još
Otros Autores: Fol Olgun̕, Raymundo
Formato: eBook
Lenguaje:español
Publicado: Mx̌ico D.F.: Tax Editores, 2013
Materias:
Acceso en línea:Acceso restringido

MARC

LEADER 00000nam a22000007a 4500
005 20130917163645.0
007 cr|||| ||||
008 130917s2013 mx |||||s|||| 00||0 spa d
020 |a 978-607-440-540-8 
035 |a 11492 
040 |a vLex 
090 |c 4498  |d 4498 
100 1 |a Přez Chavez, Još 
245 1 0 |a Jornada de trabajo y tiempo extraordinario  |h [Recurso electrn̤ico] :  |b Anl̀isis integral en materias fiscal, laboral y de seguridad social /  |c Jos ̌Přez Chavez, Raymundo Fol Olgun̕  
256 |a Servicio en ln̕ea 
260 |a Mx̌ico D.F.:  |b Tax Editores,  |c 2013 
300 |a 1 recurso electrn̤ico 
506 1 |a Contenido solo disponible en los productos indicados  |d vLex Global  |d vLex Global (Academic Edition, excluding Law Schools)  |d vLex Global (U.S. Academic Edition, Law Schools)  |d vLex Global (U.S. Academic Edition, excluding Law Schools)  |d vLex Global (Academic Edition, Law Schools) 
650 |a Derecho fiscal  |z Mx̌ico 
650 |a Derecho del trabajo  |z Mx̌ico 
650 |a Seguridad social  |x Derecho y legislacin̤  |z Mx̌ico 
700 1 |a Fol Olgun̕, Raymundo 
740 0 |a vLex Libros (Servicio en ln̕ea) 
856 4 0 |u http://vlex.com/source/jornada-trabajo-tiempo-extraordinario-11492  |z Acceso restringido 
942 |c BOOK 
999 |a Social security--Law and legislation 
999 |a Labor laws and legislation